[Event "Asian Teams"]
[Site "Jodhpur IND"]
[Date "2003.04.07"]
[Round "1"]
[White "Mahjoob,M"]
[Black "Kotsur,P"]
[Result "1/2-1/2"]
[WhiteElo "2406"]
[BlackElo "2572"]

1.e4 c5 2.c3 Nf6 3.e5 Nd5 4.Nf3 Nc6 5.d4 cxd4 6.cxd4 d6 7.Bc4 Nb6 8.Bb3 e6
9.Bg5 Be7 10.Bxe7 Qxe7 11.Nc3 O-O 12.O-O Bd7 13.Ne4 dxe5 14.dxe5 Rad8 15.Qc1 Kh8
16.Rd1 f6 17.exf6 gxf6 18.Qe3 e5 19.h3 Bf5 20.Nc3 Be6 21.Bxe6 Qxe6 22.Qh6  1/2-1/2

[Event "FSGM April"]
[Site "Budapest HUN"]
[Date "2003.04.09"]
[Round "5"]
[White "Blauert,J"]
[Black "Seres,L"]
[Result "1-0"]
[WhiteElo "2364"]
[BlackElo "2440"]

1.e4 c5 2.c3 Nf6 3.e5 Nd5 4.d4 cxd4 5.Nf3 Nc6 6.cxd4 d6 7.Bc4 Nb6 8.Bb5 dxe5
9.Nxe5 Bd7 10.Nxd7 Qxd7 11.Nc3 e6 12.O-O Be7 13.Qg4 O-O 14.Bxc6 Qxc6 15.Bh6 Bf6
16.Rad1 Qd7 17.Ne4 Qe7 18.Rd3 Kh8 19.Bf4 Rfd8 20.Rh3 Rd5 21.Nxf6 Qxf6 22.Be5 Qg6
23.Qxg6 fxg6 24.Rc3 Rd7 25.Rfc1 Kg8 26.Rc7 Rad8 27.h4 Nd5 28.Rxd7 Rxd7 29.g3 Kf7
30.a3 Ne7 31.Kf1 Nc6 32.Ke2 Rd5 33.f4 h5 34.Ke3 Rb5 35.b4 Rd5 36.Ke4 a6 37.Rc5 Rd7
38.d5 exd5+ 39.Rxd5 Re7 40.Rd6 Na7 41.a4 Nc6 42.b5 axb5 43.axb5 Na7 44.Rd5 Nc8
45.Kd4 Ke6 46.Rd8 Rd7+ 47.Rxd7 Kxd7 48.Bxg7 Ke6 49.Kc5 Kf5 50.Be5 Ke6 51.Bb8 Kf5
52.Kd5 Kf6 53.Be5+ Kf5 54.Bd4 Kg4 55.Ke6 b6 56.Be5 Na7 57.Kf6 Nxb5 58.Kxg6 Na7
59.f5 Nc6 60.Bd6  1-0

[Event "Asian Teams"]
[Site "Jodhpur IND"]
[Date "2003.04.09"]
[Round "3"]
[White "Mahjoob,M"]
[Black "Zhang Zhong"]
[Result "0-1"]
[WhiteElo "2406"]
[BlackElo "2666"]

1.e4 c5 2.c3 Nf6 3.e5 Nd5 4.Nf3 e6 5.d4 cxd4 6.cxd4 b6 7.Bd3 Ba6 8.O-O Qc8
9.a3 h6 10.Re1 Be7 11.Be4 Bb7 12.Nbd2 O-O 13.Nf1 f5 14.exf6 Nxf6 15.Bxb7 Qxb7
16.Qd3 Nc6 17.Ng3 Rf7 18.Qg6 Bd6 19.Ne5 Bxe5 20.dxe5 Ne7 21.Qd3 Nfd5 22.Bd2 Qb8
23.Rac1 b5 24.f3 Nc6 25.Rc5 Nxe5 26.Qxb5 Qxb5 27.Rxb5 Nd3 28.Rb1 a6 29.Ra5 Rff8
30.Ne4 Rfb8 31.b3 Rb5 32.a4 Rb6 33.Kf1 Rc8 34.Ke2 N3f4+ 35.Kf1 Rc2 36.g3 Nd3
37.Ke2 Ne5 38.Rc5 Ra2 39.a5 Rb8 40.Rcc1 Nc6 41.Nc5 Nd4+ 42.Kd3 Nxf3 43.Bf4 Rb4
44.Bd2 Rb8 45.Ne4 Rc8 46.Ke2 Ne5 47.Kf1 Nd3 48.Nc5 Ra8 49.Kg1 Nxc5 50.Rxc5 Rb8
51.b4 Nxb4 52.Bf4 Nc6 53.Rd1 Rb6 54.Bd2  0-1

[Event "ch-Kaissa Club"]
[Site "Kharkov UKR"]
[Date "2003.04.10"]
[Round "3"]
[White "Kozlov,Y"]
[Black "Manukovsky,V"]
[Result "1-0"]
[WhiteElo "2213"]
[BlackElo "2294"]

1.e4 c5 2.c3 Nf6 3.e5 Nd5 4.d4 cxd4 5.Nf3 Nc6 6.Bc4 Nb6 7.Bb3 Na5 8.Qxd4 Nxb3
9.axb3 g6 10.c4 d5 11.e6 f6 12.c5 Bxe6 13.cxb6 a6 14.Bf4 Bg7 15.Bc7 Qd7 16.Qa4 Kf7
17.Nc3 Qc8 18.Qa5 Qd7 19.Rd1 h5 20.Nxd5 h4 21.Nxf6 Qxd1+ 22.Kxd1 exf6 23.Re1 Rh5
24.Qc3 Re8 25.Re2 h3 26.gxh3 Bf8 27.Nd4 Rd5 28.Rxe6 Rxe6 29.Qc4 Rxd4+ 30.Qxd4 Be7
31.Qd5 f5 32.Qxb7  1-0

[Event "IV IM"]
[Site "Monaco MNC"]
[Date "2003.04.10"]
[Round "4"]
[White "Gallissot,A"]
[Black "Perez,Fl"]
[Result "0-1"]
[WhiteElo "2104"]
[BlackElo "2150"]

1.e4 c5 2.c3 Nf6 3.e5 Nd5 4.d4 cxd4 5.Nf3 e6 6.cxd4 b6 7.Nc3 Nxc3 8.bxc3 Qc7
9.Bd2 Bb7 10.Bd3 d6 11.O-O Nd7 12.Re1 dxe5 13.Nxe5 Bd6 14.f4 O-O 15.Qg4 f5
16.Qh3 Rf6 17.g4 Bxe5 18.fxe5 Rg6 19.g5 h6 20.Qg3 hxg5 21.h4 Kf7 22.hxg5 Qc6
23.Kf2 Rh8 24.Bc2 Ke7 25.Bf4 Rh4 26.Bd1 Rxf4+ 27.Qxf4 Qg2+ 28.Ke3 Rxg5 29.Rf1 Rg3+
30.Bf3 g5 31.Qxg5+ Rxg5 32.Bxg2 Rxg2 33.Rg1 Rxg1 34.Rxg1 Kf7 35.c4 Be4 36.Ra1 Nb8
37.a4 Nc6 38.Ra2 Na5 39.d5 exd5 40.cxd5 Bxd5 41.Rh2 Nb7 42.Rh7+ Ke6 43.Kd4 Be4
44.Rh6+ Kf7 45.Rh7+ Kg6 46.Re7 Bc6 47.Rc7 Nd8 48.Ke3 f4+ 49.Kd3 Kf5 50.Rxa7 Kxe5
51.a5 Be4+ 52.Kc4 b5+ 53.Kxb5 f3 54.Re7+ Kf4 55.Rc7 Nc6 56.Rxc6 Bxc6+ 57.Kxc6 f2
58.a6 f1=Q 59.Kb6 Qg2 60.Ka7 Qc6  0-1

[Event "TCh-CZE 2002-3"]
[Site "Czech Rep CZE"]
[Date "2003.04.12"]
[Round "10"]
[White "Neuman,A"]
[Black "Oral,T"]
[Result "1/2-1/2"]
[WhiteElo "2095"]
[BlackElo "2550"]

1.e4 c5 2.c3 Nf6 3.e5 Nd5 4.d4 cxd4 5.cxd4 e6 6.Nc3 Nxc3 7.bxc3 Qc7 8.Bd2 b6
9.Qg4 Ba6 10.Bxa6 Nxa6 11.Nh3 Qc4 12.Qf3 Qc6 13.Ng5 Qxf3 14.Nxf3 Ba3 15.Ke2 d5
16.Rhb1 Kd7 17.Rb3 Be7 18.a4 Rhb8 19.Ne1 Nc7 20.Nd3 a5  1/2-1/2

[Event "IM"]
[Site "Deizisau GER"]
[Date "2003.04.12"]
[Round "2"]
[White "Auch,S"]
[Black "Drabke,L"]
[Result "0-1"]
[WhiteElo "2043"]
[BlackElo "2441"]

1.e4 c5 2.c3 Nf6 3.e5 Nd5 4.d4 cxd4 5.cxd4 e6 6.Nc3 Nxc3 7.bxc3 d6 8.exd6 Bxd6
9.Nf3 Qc7 10.Bd2 b6 11.Bd3 Bb7 12.h3 Nd7 13.a4 Bf4 14.Qe2 Rc8 15.Rc1 Bxd2+
16.Qxd2 Bxf3 17.gxf3 Qc6 18.Qd1 O-O 19.Rg1 Qd6 20.Qd2 e5 21.d5 g6 22.Qh6 Rc7
23.h4 Nc5 24.Be4 Nxe4 25.fxe4 Qa3 26.h5 Rxc3 27.Rxc3 Qxc3+ 28.Qd2 Qc4 29.f3 Rc8
30.Rg2 Qb3 31.Re2 Qxf3 32.hxg6 Qh1+ 33.Kf2 Qh2+ 34.Kf1 Rc1+ 35.Qxc1 Qh1+
36.Kf2 Qxc1 37.gxh7+ Kxh7  0-1

[Event "FSGM April"]
[Site "Budapest HUN"]
[Date "2003.04.13"]
[Round "9"]
[White "McDonald,N"]
[Black "Hoffmann,Mi"]
[Result "1/2-1/2"]
[WhiteElo "2392"]
[BlackElo "2435"]

1.e4 c5 2.c3 Nf6 3.e5 Nd5 4.d4 cxd4 5.Nf3 e6 6.cxd4 b6 7.Bc4 Bb4+ 8.Bd2 Bxd2+
9.Qxd2 Bb7 10.Nc3 Nxc3 11.bxc3 Nc6 12.O-O  1/2-1/2

[Event "TCh-CZE 2002-3"]
[Site "Czech Rep CZE"]
[Date "2003.04.13"]
[Round "11"]
[White "Mikuev,E"]
[Black "Antoniewski,R"]
[Result "0-1"]
[WhiteElo "2220"]
[BlackElo "2491"]

1.e4 c5 2.c3 Nf6 3.e5 Nd5 4.d4 cxd4 5.Nf3 e6 6.cxd4 b6 7.Nc3 Nxc3 8.bxc3 Qc7
9.Bd2 Bb7 10.Bd3 d6 11.O-O Be7 12.Ng5 Bxg5 13.Bxg5 dxe5 14.Qg4 f5 15.Qg3 Nd7
16.Rfe1 h6 17.Be7 g5 18.Bb4 O-O-O 19.Bb5 Bc6 20.Ba6+ Bb7 21.Bb5 f4 22.Qg4 Rhe8
23.Bxd7+ Rxd7 24.Rxe5 Bd5 25.Rae1 Kb7 26.Qh5 Rc8 27.Rb1 Ka8 28.h3 f3 29.gxf3 Rf7
30.c4 Bxf3 31.Qg6 g4 32.h4 Rg7 33.Qf6 Rcg8 34.Rxe6 Qxc4 35.Bf8 Rc7 36.Bxh6 Bd5
37.Rc1 Qxc1+ 38.Bxc1 Rxc1+ 39.Kh2 g3+  0-1

[Event "34th Norwegian Open"]
[Site "Oslo NOR"]
[Date "2003.04.13"]
[Round "2"]
[White "Johnsen,Sy"]
[Black "Agopov,M"]
[Result "0-1"]
[WhiteElo "2081"]
[BlackElo "2376"]

1.e4 c5 2.c3 Nf6 3.e5 Nd5 4.Nf3 Nc6 5.d4 cxd4 6.Bc4 Nb6 7.Bb3 g6 8.cxd4 Bg7
9.O-O O-O 10.Nc3 d6 11.Bg5 Bg4 12.Re1 Qd7 13.exd6 exd6 14.d5 Nd4 15.Ne4 Bxf3
16.gxf3 Qf5 17.Re3 Rae8 18.Bh4 Nxf3+ 19.Rxf3 Qxe4 20.Bg3 Bxb2 21.Re3 Qd4
22.Rd3 Qg7 23.Rb1 Be5 24.f4 Bf6 25.Bf2 Re4 26.Qf3 Rfe8 27.Rbd1 Qf8 28.Bc2 Nc4
29.Rc1 Qh6 30.Bg3 Qh3 31.Qf2 Ne3 32.Bb1 Bd4 33.Kh1 Nd1  0-1

[Event "9th Werther Schloss Open"]
[Site "Werther GER"]
[Date "2003.04.13"]
[Round "4"]
[White "Seger,R"]
[Black "Epishin,V"]
[Result "1/2-1/2"]
[WhiteElo "2456"]
[BlackElo "2628"]

1.e4 c5 2.c3 Nf6 3.e5 Nd5 4.d4 cxd4 5.Nf3 e6 6.cxd4 d6 7.Bc4 Be7 8.O-O O-O
9.Qe2 Na6 10.Qe4 Nac7 11.Bd3 f5 12.exf6 Nxf6 13.Qh4 Qe8 14.Nc3 h6 15.Re1 Bd7
16.Qg3 Nh5 17.Qg4 Nf6 18.Qg3 Nh5 19.Qg4 Nf6 20.Qg3  1/2-1/2

[Event "Asian Teams"]
[Site "Jodhpur IND"]
[Date "2003.04.15"]
[Round "9"]
[White "Ghaem Maghami,E"]
[Black "Neelotpal,D"]
[Result "1-0"]
[WhiteElo "2528"]
[BlackElo "2468"]

1.e4 c5 2.c3 Nf6 3.e5 Nd5 4.d4 cxd4 5.Nf3 e6 6.cxd4 d6 7.Bc4 Be7 8.O-O O-O
9.Qe2 b6 10.a3 Bb7 11.Bd3 Nc6 12.Qe4 g6 13.Bh6 Re8 14.Nbd2 dxe5 15.dxe5 Na5
16.Qe2 Qd7 17.Rad1 Rad8 18.Ne4 Qc7 19.h4 Nc6 20.Ng3 Rd7 21.h5 Red8 22.Bb5 a6
23.Bd3 b5 24.Rfe1 b4 25.a4 Nb6 26.b3 Nd5 27.Qc2 Nc3 28.Rd2 Nd4 29.Nxd4 Rxd4
30.hxg6 fxg6 31.Bxg6 Rg4 32.Bxh7+ Kh8 33.Rxd8+ Bxd8 34.Bd3 Bh4 35.Qd2 Qd7
36.Bf1 Qxd2 37.Bxd2 Bxg3 38.fxg3 Ne4 39.Bxb4 Nxg3 40.Bc4 Nf5 41.Re2 Nd4 42.Rf2 Nxb3
43.Bxb3 Rxb4 44.Bxe6 Bc6 45.Rf6 Rxa4 46.Bf5 Be4 47.g4 a5 48.e6 Bxf5 49.gxf5 Re4
50.Kf2 a4 51.Kf3 Re1 52.Rf7 Kg8 53.Ra7 Ra1 54.Kf4 a3 55.Ke5  1-0

[Event "34th Norwegian Open"]
[Site "Oslo NOR"]
[Date "2003.04.16"]
[Round "5"]
[White "Johnsen,Sy"]
[Black "Van der Weide,K"]
[Result "0-1"]
[WhiteElo "2081"]
[BlackElo "2388"]

1.e4 c5 2.c3 Nf6 3.e5 Nd5 4.Nf3 Nc6 5.d4 cxd4 6.Bc4 Nb6 7.Bb3 d6 8.exd6 Qxd6
9.cxd4 Be6 10.Bc2 Rd8 11.Be3 g6 12.O-O Bg7 13.Nc3 O-O 14.a3 Qb8 15.Re1 Bg4
16.Be4 Nxd4 17.Bxd4 Rxd4 18.Qb3 Be6 19.Qb5 Rd7 20.a4 Rfd8 21.Ng5 Bc4 22.Qb4 Be5
23.g3 f6 24.Nf3 Bd6 25.Qa5 Bf7 26.Bd5 Nxd5 27.Nxd5 b6 28.Qb5 Qb7 29.Rad1 Bc5
30.b4 Rxd5 31.Rxd5 Qxd5 32.bxc5 Qxf3 33.cxb6 Bd5  0-1

[Event "XXI Open"]
[Site "Metz FRA"]
[Date "2003.04.21"]
[Round "3"]
[White "Jonkman,H"]
[Black "Jaenig,R"]
[Result "1-0"]
[WhiteElo "2431"]
[BlackElo "2177"]

1.e4 c5 2.c3 Nf6 3.e5 Nd5 4.Nf3 e6 5.d4 cxd4 6.cxd4 Nc6 7.Bd3 Qb6 8.Bc4 Bb4+
9.Kf1 O-O 10.a3 Be7 11.Nc3 Nxc3 12.bxc3 Qa5 13.Bd2 b6 14.Qe2 Bb7 15.h4 f5
16.Bb5 Bxa3 17.Ne1 a6 18.Bd3 b5 19.Nc2 b4 20.cxb4 Qd5 21.Bc4 Qxg2+ 22.Kxg2 Nxd4+
23.f3 Nxe2 24.Rxa3 Rfc8 25.Bd3 f4 26.Re1 Ng3 27.Nd4 h6 28.Bxf4 Nh5 29.Bd2 Rf8
30.Be4 Bxe4 31.Rxe4 Rac8 32.Rxa6 Rc4 33.Rd6  1-0

[Event "Commonwealth Ch"]
[Site "Mumbai IND"]
[Date "2003.04.21"]
[Round "2"]
[White "Nguyen Anh Dung"]
[Black "Ramaswamy,A"]
[Result "1-0"]
[WhiteElo "2530"]
[BlackElo "2348"]

1.e4 c5 2.c3 Nf6 3.e5 Nd5 4.d4 cxd4 5.Nf3 Nc6 6.Bc4 Nb6 7.Bb3 d6 8.exd6 Qxd6
9.O-O Be6 10.Na3 dxc3 11.Nb5 Qxd1 12.Rxd1 Rc8 13.Bxe6 fxe6 14.Nxc3 g6 15.Ng5 e5
16.Ne6 Nd4 17.Nxd4 exd4 18.Rxd4 Bg7 19.Re4 Rc4 20.Re2 Bxc3 21.bxc3 Nd5 22.Re5 Nxc3
23.Bg5 Rc7 24.Rae1 O-O 25.Rxe7 Rfc8 26.a3 Nd5 27.R7e5 Nb6 28.R5e4 Nd5 29.h4 Kf7
30.Re5 Nf6 31.Re6 Ng8 32.Rd6 Re8 33.Red1 h6 34.Bd8 Rc8 35.Rd7+ Kf8 36.Ba5 Nf6
37.Rxb7  1-0

[Event "Commonwealth Ch"]
[Site "Mumbai IND"]
[Date "2003.04.22"]
[Round "4"]
[White "Ravi,T"]
[Black "Rausis,I"]
[Result "1/2-1/2"]
[WhiteElo "2348"]
[BlackElo "2533"]

1.e4 c5 2.c3 Nf6 3.e5 Nd5 4.d4 cxd4 5.Nf3 Nc6 6.cxd4 d6 7.Bc4 Nb6 8.Bb5 dxe5
9.Nxe5 Bd7 10.Bxc6 Bxc6 11.Nxc6 bxc6 12.O-O e6 13.Nc3 Be7 14.Qf3 Rc8 15.Be3 O-O
16.Rac1 Nd5 17.Nxd5 cxd5 18.Rxc8 Qxc8 19.Qe2 Qb7 20.Rc1 h6 21.g3 Qb6 22.Rc3 Rd8
23.Qc2 Bf6 24.Rb3 Qa5 25.Ra3 Qb6 26.Rb3 Qa6 27.Ra3 Qb7 28.Rb3 Qa6 29.Ra3 Qb7
30.Rb3 Qd7 31.Rc3 a5 32.Rc7 Qe8 33.Rc5 e5 34.dxe5 Qxe5 35.Rxa5 Qxb2 36.Qxb2 Bxb2  1/2-1/2

[Event "5th Open"]
[Site "Dubai UAE"]
[Date "2003.04.24"]
[Round "5"]
[White "Sveshnikov,E"]
[Black "Alekseev,E"]
[Result "0-1"]
[WhiteElo "2551"]
[BlackElo "2607"]

1.e4 c5 2.c3 Nf6 3.e5 Nd5 4.Nf3 Nc6 5.d4 cxd4 6.cxd4 d6 7.Nc3 dxe5 8.dxe5 Nxc3
9.Qxd8+ Nxd8 10.bxc3 Bd7 11.Be3 e6 12.Rb1 Rc8 13.Bxa7 Rxc3 14.Nd4 Be7 15.Bb5 Bxb5
16.Nxb5 Rc2 17.O-O O-O 18.a4 Rc4 19.Rfc1 Rxa4 20.Rc7 Nc6 21.Rxb7 Ra8 22.Be3 Bf8
23.f4 Na5 24.Rc7 Nc4 25.Bc1 Rb8 26.Nc3 Rxb1 27.Nxb1 h6 28.Nc3 Ra1 29.Rxc4 Rxc1+
30.Kf2 g5 31.fxg5 hxg5 32.Ke3 Rc2 33.h4 Bg7 34.Kd3 Rxg2 35.Ne4 gxh4 36.Nd2 Bxe5
37.Rxh4 Kg7 38.Nf3 Bf6 39.Ra4 Kg6 40.Ra5 Rb2 41.Ke3 Bd8 42.Ra8 Bb6+ 43.Kf4 Rb4+
44.Kg3 Kf5 45.Nh4+ Ke4 46.Re8 Bc5 47.Kg4 Rb1 48.Kg5 Rf1 49.Kh6 Rh1 50.Kg5 Bf2
51.Ng6 Rg1+ 52.Kf6 Rxg6+ 53.Kxf7 Kf5  0-1

[Event "Commonwealth Ch"]
[Site "Mumbai IND"]
[Date "2003.04.26"]
[Round "9"]
[White "Ravi,T"]
[Black "Prasad,D"]
[Result "1/2-1/2"]
[WhiteElo "2348"]
[BlackElo "2400"]

1.e4 c5 2.c3 Nf6 3.e5 Nd5 4.d4 cxd4 5.Nf3 e6 6.cxd4 d6 7.a3 Bd7 8.Bd3 Bc6
9.O-O Nd7 10.Qe2 dxe5 11.dxe5 Be7 12.Nd4 Qb6 13.Nxc6 bxc6 14.Kh1 Nc5 15.Bc4 Nb3
16.Ra2 Nxc1  1/2-1/2

[Event "3rd OUCC Open"]
[Site "Oxford ENG"]
[Date "2003.04.26"]
[Round "1"]
[White "Friedland,J"]
[Black "Wells,P"]
[Result "0-1"]
[WhiteElo "2199"]
[BlackElo "2487"]

1.e4 c5 2.c3 Nf6 3.e5 Nd5 4.d4 cxd4 5.Nf3 Nc6 6.cxd4 d6 7.Bc4 Nb6 8.Bb5 dxe5
9.Nxe5 Bd7 10.Nxd7 Qxd7 11.O-O g6 12.Nc3 Bg7 13.d5 Bxc3 14.dxc6 bxc6 15.Qf3 cxb5
16.Qxc3 f6 17.Bh6 Rc8 18.Qf3 Kf7 19.Rfe1 Rhe8 20.Rad1 Qf5 21.Qe3 Rc2 22.h3 Nc4
23.Qxa7 g5 24.Rd7 Ne5 25.Rb7 Kg6 26.Bf8 Rxf8 27.Rxe7 Rf7 28.g4 Nf3+ 29.Kf1 Qd3+
30.Kg2 Nxe1+ 31.Kh2 Qd6+  0-1

[Event "FSIMA May"]
[Site "Budapest HUN"]
[Date "2003.05.03"]
[Round "1"]
[White "Kouvatsou,M"]
[Black "Jakab,A"]
[Result "1-0"]
[WhiteElo "2233"]
[BlackElo "2388"]

1.e4 c5 2.c3 Nf6 3.e5 Nd5 4.d4 cxd4 5.Nf3 e6 6.cxd4 d6 7.a3 Bd7 8.Bd3 Bc6
9.O-O Nd7 10.b4 a6 11.Re1 Be7 12.Qe2 O-O 13.Qe4 g6 14.Qg4 dxe5 15.dxe5 N7f6
16.Qd4 Nh5 17.Bf1 Ng7 18.Nbd2 Nf5 19.Qb2 Qd7 20.Ne4 Nb6 21.Bg5 Bxe4 22.Rxe4 Bxg5
23.Nxg5 Qe7 24.Nf3 Rac8 25.Rc1 Rxc1 26.Qxc1 Rc8 27.Qd2 Rd8 28.Qc2 Rc8 29.Qd2 Qd7
30.Qxd7 Nxd7 31.Rc4 Rxc4 32.Bxc4 Ne7 33.Bd3 Nd5 34.Kf1 Kf8 35.Ke1 Ke7 36.Kd2 h6
37.Be4 b5 38.Kd3 Kd8 39.Kd4 Ne7 40.Nd2 Kc7 41.f4 Nc8 42.Bd3 Ncb6 43.Ne4 Nd5
44.g3 Nb8 45.Nd6 f5 46.Ne8+ Kb6 47.Bb1 Nc6+ 48.Kd3 g5 49.Nf6 Nde7 50.Nd7+ Ka7
51.Ba2 Ng6 52.Ke3 Nd8 53.Nc5 Nf8 54.fxg5 hxg5 55.h4 f4+ 56.gxf4 gxh4 57.Kf3 h3
58.Kg3 Kb6 59.Kxh3 a5 60.Kg4 axb4 61.axb4 Nc6 62.Nd3 Ne7 63.Kg5 Kc6 64.Kf6 Nd5+
65.Kf7 Nd7 66.Kxe6 Nc7+ 67.Kf7 Nb6 68.e6  1-0

[Event "National I"]
[Site "Clermont-Ferrand FRA"]
[Date "2003.05.09"]
[Round "9"]
[White "Lucchetti,P"]
[Black "Garrido,De"]
[Result "0-1"]
[WhiteElo "2181"]
[BlackElo "2270"]

1.e4 c5 2.c3 Nf6 3.Qa4 Qc7 4.d3 Nc6 5.Nf3 g6 6.g3 Bg7 7.Bg2 O-O 8.O-O Rb8
9.Na3 a6 10.e5 Ne8 11.Re1 d6 12.exd6 Nxd6 13.Qh4 Nf5 14.Qc4 b6 15.Bf4 e5
16.Bd2 Be6 17.Qe4 Rbd8 18.Qe2 f6 19.Be3 Rd7 20.Red1 Rfd8 21.d4 cxd4 22.cxd4 Ncxd4
23.Nxd4 Nxd4 24.Bxd4 Rxd4 25.Rxd4 Rxd4 26.Qxa6 Qd8 27.Qa8 Qxa8 28.Bxa8 Bf8
29.Nc2 Rd2 30.Ne3 Bc5 31.b3 Kg7 32.Bc6 f5 33.Bb5 f4 34.gxf4 exf4 35.Nd1 Bg4
36.Nc3 Bxf2+  0-1

[Event "Capablanca Mem Mixto"]
[Site "Havana CUB"]
[Date "2003.05.09"]
[Round "4"]
[White "Baron Isanta,J"]
[Black "Pazos Gambarrotti,P"]
[Result "1/2-1/2"]
[WhiteElo "2299"]
[BlackElo "2393"]

1.e4 c5 2.c3 Nf6 3.e5 Nd5 4.d4 cxd4 5.Nf3 e6 6.cxd4 Nc6 7.Nc3 Nxc3 8.bxc3 d6
9.Bf4 Be7 10.Bd3 O-O 11.O-O dxe5  1/2-1/2

[Event "FSGM May"]
[Site "Budapest HUN"]
[Date "2003.05.11"]
[Round "9"]
[White "Biro,S"]
[Black "Szeberenyi,A"]
[Result "1-0"]
[WhiteElo "2334"]
[BlackElo "2401"]

1.e4 c5 2.c3 Nf6 3.e5 Nd5 4.d4 cxd4 5.Bc4 Nb6 6.Bb3 Nc6 7.Nf3 g6 8.Ng5 d5
9.exd6 e6 10.Qf3 f5 11.Na3 Bxd6 12.Nb5 a6 13.Nxd6+ Qxd6 14.O-O Nd5 15.Re1 Nce7
16.c4 Nf6 17.Ba4+ b5 18.Nxe6 Ne4 19.Rxe4 Bb7 20.Qf4 Qc6 21.Nc7+ Kf7 22.cxb5 Qxe4
23.Bb3+ Nd5 24.Qxe4 fxe4 25.Nxd5 Rad8 26.Nc7+ Kf6 27.bxa6 Bc6 28.h4 Ke5 29.Ne6 Ra8
30.Bf4+ Kf5 31.Rc1 e3 32.Rc5+ Ke4 33.Bc2+  1-0

[Event "ch-EST"]
[Site "Tallinn EST"]
[Date "2003.05.18"]
[Round "2.1"]
[White "Cheutshenko,R"]
[Black "Peleshev,L"]
[Result "1/2-1/2"]
[WhiteElo "2409"]
[BlackElo "2300"]

1.e4 c5 2.c3 Nf6 3.e5 Nd5 4.Nf3 Nc6 5.d4 cxd4 6.Bc4 Nb6 7.Bb3 d6 8.exd6 Qxd6
9.O-O Be6 10.Bxe6 Qxe6 11.Nxd4 Nxd4 12.Qxd4 Rd8 13.Qh4 Qe2 14.Bd2 h5 15.h3 Nc4
16.Re1 Qd3 17.Bc1 a6 18.b3 Nd6 19.Na3 Qxc3 20.Bf4 Nf5 21.Qg5 Qf6 22.Qxf6 gxf6
23.Nc4 e6 24.Rad1 Nd4 25.Kf1 b5 26.Re4 bxc4 27.Rexd4 Rxd4 28.Rxd4 e5 29.Re4 cxb3
30.axb3  1/2-1/2

[Event "28th Elekes Mem IM"]
[Site "Budapest HUN"]
[Date "2003.05.20"]
[Round "4"]
[White "Roberts,P"]
[Black "Vigorito,D"]
[Result "0-1"]
[WhiteElo "2211"]
[BlackElo "2298"]

1.e4 c5 2.c3 Nf6 3.e5 Nd5 4.d4 cxd4 5.Qxd4 e6 6.Nf3 Nc6 7.Qe4 f5 8.Qe2 d6
9.c4 Nb6 10.Bg5 Qc7 11.exd6 Bxd6 12.Nc3 Bb4 13.Bd2 O-O 14.a3 Be7 15.Nb5 Qb8
16.a4 e5 17.c5 Nd7 18.Qc4+ Kh8 19.Ng5 Nxc5 20.b4 Bxg5 21.Bxg5 Ne6 22.h4 Ned4
23.Nxd4 Nxd4 24.f4 Be6 25.Qd3 Qd6 26.fxe5 Qxe5+ 27.Kf2 Nf3 28.Be2 Nxg5 29.hxg5 Qf4+
30.Qf3 Qxg5 31.Rh5 Qf6 32.Rah1 h6 33.Qf4 Kh7 34.Bd3 Rad8 35.R1h3 Rd4 36.Qc7 Rf7
37.Qc5 b6 38.Qc6 Rxb4 39.Re3 Re4 40.Bxe4 fxe4+ 41.Kg1 Qf2+ 42.Kh2 Qxe3 43.Qxe6 Qf4+
44.Kh3 Rf6 45.Qe5 g5 46.Qe7+ Rf7 47.Qe6 Qf5+ 48.Qxf5+ Rxf5  0-1

[Event "ch-EST"]
[Site "Tallinn EST"]
[Date "2003.05.20"]
[Round "3.2"]
[White "Cheutshenko,R"]
[Black "Shishkov,A"]
[Result "0-1"]
[WhiteElo "2409"]
[BlackElo "2365"]

1.e4 c5 2.c3 Nf6 3.e5 Nd5 4.Nf3 b6 5.d4 cxd4 6.cxd4 e6 7.Nc3 Nxc3 8.bxc3 Qc7
9.Bd2 Be7 10.Bd3 Ba6 11.Bxa6 Nxa6 12.Qe2 Nb8 13.O-O O-O 14.Rac1 d6 15.c4 dxe5
16.Nxe5 Nd7 17.Nf3 Rfe8 18.Rfd1 Rac8 19.Re1 Bd6 20.h3 Qc6 21.Qd3 h6 22.Qb3 Nf6
23.a4 Ne4 24.Be3 Bb8 25.Re2 f5 26.Rcc2 Kh7 27.Qa2 e5 28.dxe5 Bxe5 29.Nxe5 Rxe5
30.Bd4 Ra5 31.f3 Nf6 32.Qb2 Rxa4 33.Re7 Kg6 34.Rce2 Qxc4 35.Bxf6 gxf6 36.Rd7 Qc1+
37.Qxc1 Rxc1+ 38.Kf2 f4 39.g4 fxg3+ 40.Kxg3 h5 41.Ree7 h4+ 42.Kf2 Ra2+ 43.Ke3 Re1+
44.Kf4 Rxe7 45.Rxe7 Ra4+ 46.Ke3 a5  0-1

[Event "22nd Mitropa Cup"]
[Site "Pula CRO"]
[Date "2003.05.21"]
[Round "5"]
[White "Ragger,M"]
[Black "Stevic,H"]
[Result "0-1"]
[WhiteElo "2280"]
[BlackElo "2550"]

1.e4 c5 2.c3 Nf6 3.e5 Nd5 4.Nf3 Nc6 5.d4 cxd4 6.Bc4 Nb6 7.Bb3 g6 8.Ng5 d5
9.exd6 e6 10.Qf3 Ne5 11.Qe2 Bg7 12.f4 Nc6 13.f5 Qxd6 14.fxe6 Bxe6 15.Bxe6 fxe6
16.O-O Qe5 17.Qg4 Rf8 18.Bf4 Qf5 19.Qxf5 Rxf5 20.Nxe6 Kf7 21.g4 Rf6 22.Nxg7 Kxg7
23.cxd4 Nd5 24.Bd2 Nxd4 25.Nc3 Nxc3 26.Bxc3 Ne2+ 27.Kg2 Nxc3 28.bxc3 Rc8
29.Rad1 Rc7 30.Rxf6 Kxf6 31.Rd3 Ke5 32.Kf3 b5 33.Ke3 Rc4 34.h3 h6 35.Ke2 Ra4
36.Rd2 Ra3 37.Kd3 Kf4 38.Rf2+ Kg5 39.Kd4 a6 40.Re2 Kf6 41.Rf2+ Kg5 42.Re2 Ra4+
43.Kd3 h5 44.gxh5 Kxh5 45.Re8 Rxa2 46.Rh8+ Kg5 47.h4+ Kf6 48.Rc8 Ra4 49.Rc5 Ra1
50.h5 g5 51.h6 g4 52.Rh5 Rd1+ 53.Ke4 Rd8 54.Kf4 Rc8 55.h7 Kg7 56.Kxg4 Rc4+
57.Kf3 Rxc3+ 58.Ke4 Rc8 59.Rh1 Rd8 60.Ke5 b4 61.Ke6 b3 62.Ke7 Rh8 63.Rg1+ Kh6
64.Rh1+ Kg6 65.Rg1+ Kf5 66.Kf7 Rxh7+  0-1

[Event "Bosnia GM"]
[Site "Sarajevo BIH"]
[Date "2003.05.22"]
[Round "5"]
[White "Movsesian,S"]
[Black "Shirov,A"]
[Result "1/2-1/2"]
[WhiteElo "2659"]
[BlackElo "2735"]

1.e4 c5 2.c3 Nf6 3.e5 Nd5 4.Nf3 Nc6 5.d4 cxd4 6.cxd4 d6 7.Bc4 Nb6 8.Bb5 dxe5
9.Nxe5 Bd7 10.Nxd7 Qxd7 11.Nc3 e6 12.O-O Be7 13.Qg4 O-O 14.Bxc6 bxc6 15.Bh6 Bf6
16.Rfd1 Rfd8 17.Ne4 Qe7 18.h4 Rd5 19.Bg5 Nd7 20.Rac1 Bxg5 21.hxg5 Rd8 22.Qg3 f5
23.gxf6 Nxf6 24.Nxf6+ Qxf6 25.Rxc6 Rxd4 26.Rxd4 Qxd4  1/2-1/2

[Event "ch-RUS w"]
[Site "Elista RUS"]
[Date "2003.05.23"]
[Round "6"]
[White "Kharashkina,B"]
[Black "Kursova,M"]
[Result "1/2-1/2"]
[WhiteElo "2182"]
[BlackElo "2220"]

1.e4 c5 2.c3 Nf6 3.e5 Nd5 4.d4 cxd4 5.Nf3 e6 6.cxd4 d6 7.a3 Nc6 8.Bd3 Qc7
9.O-O g6 10.Re1 Bg7 11.Qe2 O-O 12.Qe4 b6 13.Bd2 Bb7 14.Qe2 Rad8 15.Nc3 dxe5
16.dxe5 Nxe5 17.Nxe5 Bxe5 18.Qxe5 Qxe5 19.Rxe5 Nxc3 20.Bxc3 Rxd3 21.h4 Bd5
22.Rae1 f6 23.R5e3 Rxe3 24.Rxe3 Kf7 25.f3 e5 26.g4 Re8 27.g5 fxg5 28.hxg5 e4
29.fxe4 Rxe4 30.Rxe4 Bxe4 31.Kf2 Ke6 32.Kg3  1/2-1/2

[Event "22nd Mitropa Cup"]
[Site "Pula CRO"]
[Date "2003.05.24"]
[Round "8"]
[White "Ragger,M"]
[Black "Wirig,A"]
[Result "1/2-1/2"]
[WhiteElo "2280"]
[BlackElo "2347"]

1.e4 c5 2.c3 Nf6 3.e5 Nd5 4.Nf3 Nc6 5.d4 cxd4 6.Bc4 e6 7.cxd4 d6 8.O-O Be7
9.Qe2 O-O 10.Rd1 Bd7 11.Qe4  1/2-1/2

[Event "CRO-Cup"]
[Site "Rabac CRO"]
[Date "2003.05.27"]
[Round "2"]
[White "Sermek,D"]
[Black "Fercec,N"]
[Result "1-0"]
[WhiteElo "2571"]
[BlackElo "2442"]

1.e4 c5 2.c3 Nf6 3.e5 Nd5 4.Nf3 e6 5.d4 cxd4 6.cxd4 b6 7.Bd3 Ba6 8.O-O Be7
9.Nc3 Nxc3 10.bxc3 Bxd3 11.Qxd3 O-O 12.d5 exd5 13.Qxd5 Na6 14.Rd1 Rc8 15.Bb2 Nc5
16.Ba3 a6 17.Bxc5 Rxc5 18.Qxd7 Qxd7 19.Rxd7 Re8 20.Rc1 f6 21.e6 f5 22.Rb7 b5
23.Ra7 b4 24.Rd1 Bf6 25.cxb4 Rc6 26.g3 Rcxe6 27.Rd5 g6 28.Ra5 Be7 29.a3 Re2  1-0

[Event "CRO-Cup"]
[Site "Rabac CRO"]
[Date "2003.05.27"]
[Round "2"]
[White "Pap,M"]
[Black "Ljubicic,F"]
[Result "1/2-1/2"]
[WhiteElo "2432"]
[BlackElo "2406"]

1.e4 c5 2.c3 Nf6 3.e5 Nd5 4.d4 cxd4 5.Nf3 Nc6 6.Bc4 Nb6 7.Bb3 d5 8.exd6 Qxd6
9.O-O Be6 10.Na3 Bxb3 11.Qxb3 Qd5 12.Nb5 Rc8 13.Bf4 Qxb3 14.axb3 Nd5 15.Bg3 f6
16.Nfxd4 Nxd4 17.Nxd4 e5 18.Ne6 a6 19.Rfd1 Nc7 20.Nxf8 Rxf8 21.f4 exf4 22.Bxf4 Rf7
23.Rd6 Re7 24.Rad1 Ne6 25.Bg3 Nc5 26.Rb6 Rd8 27.Rxd8+ Kxd8 28.Bd6 Re1+ 29.Kf2 Nd3+
30.Kf3 Re6 31.Bc7+ Kd7 32.Rxb7 Ne1+ 33.Kf2 Nd3+ 34.Kg3 Re3+ 35.Kg4 Kc6 36.Ra7 g6
37.g3 h5+ 38.Kh3 Re2 39.Bd8 Nf2+ 40.Kg2 Ng4+ 41.Kg1 Re1+ 42.Kg2 Re2+ 43.Kg1 f5
44.Rxa6+ Kd5 45.Rxg6 Rxb2 46.h3 Ne5 47.Rb6 Ke4 48.Rb4+ Kf3 49.Bc7 Nd3 50.Rd4 Rg2+
51.Kf1 Rf2+ 52.Kg1 Rg2+ 53.Kf1  1/2-1/2

[Event "CRO-Cup"]
[Site "Rabac CRO"]
[Date "2003.05.29"]
[Round "4"]
[White "Filipovic,Br"]
[Black "Cvitan,O"]
[Result "1/2-1/2"]
[WhiteElo "2413"]
[BlackElo "2551"]

1.e4 c5 2.c3 Nf6 3.e5 Nd5 4.g3 d6 5.exd6 e6 6.Bg2 Bxd6 7.Nf3 Nc6 8.O-O O-O
9.d4 cxd4 10.Nxd4 Nxd4 11.Qxd4 Qc7 12.Nd2 Bd7 13.Ne4 Be5 14.Qd3 Bc6 15.Re1 Rfd8
16.Qe2 h6 17.Bd2 Nf6 18.Rad1 Nxe4 19.Bxe4 Bxe4 20.Qxe4 Bf6 21.Be3 a6  1/2-1/2

[Event "IEWCC"]
[Site "Istanbul TUR"]
[Date "2003.06.02"]
[Round "1"]
[White "Kosintseva,T"]
[Black "Llaneza Vega,P"]
[Result "1-0"]
[WhiteElo "2457"]
[BlackElo "2294"]

1.e4 c5 2.c3 Nf6 3.e5 Nd5 4.d4 cxd4 5.Nf3 Nc6 6.Bc4 Nb6 7.Bb3 d5 8.exd6 Qxd6
9.O-O Be6 10.Na3 Bxb3 11.Qxb3 e6 12.Nb5 Qd7 13.Rd1 Na5 14.Ne5 Nxb3 15.Nxd7 Nxa1
16.Nxb6 Rd8 17.Nc4 dxc3 18.Rxd8+ Kxd8 19.bxc3 Bc5 20.Kf1 Ke7 21.Nba3 b5 22.Nxb5 Rb8
23.Nba3 Kf6 24.Ke2 e5 25.Nd2 Bxa3 26.Bxa3 Ke6 27.Kd1 a5 28.Kc1 a4 29.Bb2 Nb3+
30.axb3 axb3 31.Ba3 f5 32.c4 e4 33.Kb2 g5 34.h3 h5 35.Nxb3 g4 36.hxg4 fxg4
37.g3 Rc8 38.Kc3 Ke5 39.Bc1 Rf8 40.Be3 Rd8 41.Nd4 Ra8 42.Bf4+ Kf6 43.c5 Ke7
44.c6 Rf8 45.Ne2 Ke6 46.Kd4 Kf5 47.Ke3  1-0